Normal view MARC view
  • Verón, Eliseo

Entry Nombre Personal

Number of records used in: 9

001 - NUMERO DE CONTROL

  • campo de control: 29490

003 - IDENTIFICADOR DE NUMERO DE CONTROL

  • campo de control: DLC

005 - FECHA Y HORA DE LA ÜLTIMA TRANSACCIÓN

  • campo de control: 20230509111215.0

008 - DATOS DE LONGITUD FIJA

  • campo de control de longitud fija: 230509n| acannaabn |a aaa

010 ## - NÚMERO DE CONTROL DE LA BIBLIOTECA DEL CONGRESO

  • Número de control LC: n 81047281

035 ## - NUMERO DE CONTROL

  • Número de control: (OCoLC)oca00592837

040 ## - FUENTE DE CATALOGACIÓN

  • Agencia original de catalogación: DLC
  • Lenguaje de catalogación: spa
  • Agencia de transcripción: DLC
  • Agencia que lo modifica: DLC
  • Agencia que lo modifica: OCoLC
  • Agencia que lo modifica: MX-MxUPN

100 1# - ENCABEZAMIENTO - NOMBRE PERSONAL

  • Nombre personal: Verón, Eliseo

400 1# - VEÁSE - NOMBRE DE PERSONA

  • Personal name: Verón, E.
  • Fuller form of name: (Eliseo)

670 ## - FUENTE EN LA QUE SE LOCALIZARON DATOS

  • Cita de la fuente: Autor de: Conducta, estructura, y comunicación, 1969, c1968.

670 ## - FUENTE EN LA QUE SE LOCALIZARON DATOS

  • Cita de la fuente: Sigal, S. Perón o muerte, 1986:
  • Información localizada: portada (Eliseo Verón) cubierta (E. Verón)

902 ## - CATALOGADOR

  • Catalogador: NDAF/090523